000 00792nam a2200229Ii 4500
003 JO-AjNU
008 230605s9999||||xx |||||||||||||| ||und||
017 _a2014/6/3074
020 _a978-9957-593-04-9
040 _aJO-AjNU
_bara
_erda
_cJO-AjNU
041 _aara
050 1 4 _aHN 13 2015
100 3 _aبن غضبان، فؤاد,
_eauthor
_950195
245 0 0 _aالخدمات الحضرية : برؤية جغرافية معاصرة
250 _aط1
264 3 1 _aعمان: الدار المنهجية للنشر والتوزيع، 2015
300 _a272ص
_bيحتوي على ببلوغرافية من 267-272ص
336 _atext
_btxt
_2rdacontent
337 _aunmediated
_bn
_2rdamedia
338 _avolume
_bnc
_2rdacarrier
650 4 _aالمجتمع - التنمية
_950196
999 _aA22096
_c25664
_d25664